Library Banner

The road to success: (Record no. 15669)

MARC details
000 -LEADER
fixed length control field 00524nam a2200181Ia 4500
001 - CONTROL NUMBER
control field 15138
008 - FIXED-LENGTH DATA ELEMENTS--GENERAL INFORMATION
fixed length control field 140403s9999 xx 000 0 und d
020 ## - INTERNATIONAL STANDARD BOOK NUMBER
International Standard Book Number 969-8464-01-8
040 ## - CATALOGING SOURCE
Transcribing agency PK-LaUMT
082 ## - DEWEY DECIMAL CLASSIFICATION NUMBER
Classification number 158
Item number SEY-R
100 ## - MAIN ENTRY--PERSONAL NAME
Personal name Faiez H. Seyal
245 #4 - TITLE STATEMENT
Title The road to success:
Remainder of title a proven guide to create a life that inspires self and others.
Statement of responsibility, etc Faiez H. Seyal
260 ## - PUBLICATION, DISTRIBUTION, ETC. (IMPRINT)
Place of publication, distribution, etc Lahore,Pakistan:
Name of publisher, distributor, etc Allied Book Company,
Date of publication, distribution, etc 1999
300 ## - PHYSICAL DESCRIPTION
Extent 263 p
546 ## - LANGUAGE NOTE
Language note EN
650 ## - SUBJECT ADDED ENTRY--TOPICAL TERM
Topical term or geographic name as entry element Success-psychological aspects
942 ## - ADDED ENTRY ELEMENTS (KOHA)
Koha item type Books
Holdings
Withdrawn status Lost status Source of classification or shelving scheme Damaged status Not for loan Home library Current library Date acquired Total Checkouts Full call number Barcode Date last seen Date checked out Price effective from Koha item type
    Dewey Decimal Classification     UMT Main Campus UMT Main Campus 2014-04-03 4 158 SEY-R 17634 2022-12-22 2022-12-09 2014-04-22 Books
    Dewey Decimal Classification     UMT Main Campus UMT Main Campus 2014-06-16   158 SEY-R 25155 2014-06-16   2014-06-16 Books